Managing national innovation systems

Gespeichert in:
Bibliographische Detailangaben
Format: Buch
Sprache:Englisch
Veröffentlicht: Paris OECD 1999
Schlagworte:
Tags: Tag hinzufügen
Keine Tags, Fügen Sie das erste Tag hinzu!

MARC

LEADER 00000nam a2200000 4500
001 c117905
005 20221221084449.2
020 |a 92-64-17038-3 
041 0 |a eng 
044 |a FR 
245 1 0 |a Managing national innovation systems 
264 1 |a Paris  |b OECD  |c 1999 
300 |a 118 s. 
610 2 0 |a inovácia 
610 2 0 |a riadenie 
610 2 0 |a projekty technologické 
610 2 0 |a produktivita 
610 2 0 |a miesta pracovné 
610 2 0 |a firmy 
610 2 0 |a rozvoj investičný 
610 2 0 |a rozvoj technický 
610 2 0 |a krajiny rozvojové 
610 2 0 |a krajiny vyspelé 
610 2 0 |a ukazovatele ekonomické 
610 2 0 |a porovnanie medzinárodné 
610 2 0 |a porovnanie štatistické medzinárodné 
610 2 0 |a OECD